000
00276 a2200109 4500
245
_a
Once Upon A Time There Was A Bookseller in Kabul
_h
Text
100
_a
Rais,Shah. M
650
_a
English Novel
005
20191017172306.0
260
_a
Kabul
_b
Shah M Book Co
_c
2007
041
_a
English
084
_a
NONE
999
_c
8694
_d
8694